Guess the Fusion Rock Song Lyrics #202 - Statistics

General Stats
  • This quiz has been taken 18 times
  • The average score is 242 of 287
Answer Stats
Answer % Correct
a
100%
don't
100%
have
100%
to
100%
You
100%
you
100%
on
93%
the
93%
I
86%
light
86%
night
86%
Police
86%
put
86%
Put
86%
red
86%
Roxanne
86%
your
86%
dress
79%
if
79%
it's
79%
It's
79%
So
79%
wear
79%
are
71%
body
71%
for
71%
know
71%
or
71%
over
71%
right
71%
sell
71%
that
71%
tonight
71%
Walk
71%
care
64%
days
64%
streets
64%
Those
64%
wrong
64%
away
57%
is
57%
just
57%
money
57%
my
57%
tell
57%
won't
57%
wouldn't
57%
bad
50%
boy
50%
down
50%
how
50%
makeup
50%
mind
50%
oh
50%
up
50%
way
50%
with
50%
another
43%
feel
43%
knew
43%
made
43%
talk
43%
Told
43%
again
36%
loved
36%
once
36%
share
36%
since
36%
ya
36%
No matching quizzes found
Score Distribution
Percent of People with Each Score
Percentile by Number Answered
Your Score History
You have not taken this quiz